Ley No. 41-08 de función pública. (Registro nro. 15174)

Detalles MARC
000 -LIDER
fixed length control field 00866nam a2200265 a 4500
001 - NÚMERO DE CONTROL
Identificador de número de control 000047822
003 - IDENTIFICACDOR DE NÚMERO DE CONTROL
control field DO-SdBPM
005 - DATE AND TIME OF LATEST TRANSACTION
control field 20250613130839.0
008 - ELEMENTOS DE LONGITUD FIJA
fixed length control field 130729s2011 dr 000 0 spa d
040 ## - FUENTE DE CATALOGACIÓN
Agencia que crea de manera original el registro DO-SdBPM
Idioma de catalogación spa
Agencia que realiza la transcripción BPMSU
Convenciones de la despripción rda
082 #4 - NÚMERO DE CLASIFICACIÓN DECIMAL DE DEWEY
Classification number 342.729306
Item number R426l 2011
Edition number 22
110 2# - ASIENTO PRINCIPAL--NOMBRE CORPORATIVO
Nombre corporativo o de jurisdicción República Dominicana
240 #0 - TITULO UNIFORME
Título uniforme [leyes, etc.]
245 10 - MENCIÓN DE TITULO
Título Ley No. 41-08 de función pública.
246 13 - VARIACION DEL TÍTULO
Título propiamente dicho o título corto Ley No. 41-08 de función pública y crea el Ministerio de Administración Pública
250 ## - MENCIÓN DE EDICION
Mención de edición 5a. ed.
260 ## - PUBLICACIÓN, DISTRIBUCIÓN, ETC. (PIE DE IMPRENTA)
Lugar de publicación, distribución, etc Santo Domingo :
Nombre del editor, distribuidor, etc. Ministerio de Administración Pública (MAP),
Fecha de publicación, distribución, etc 2011
300 ## - DESCRIPCIÓN FÍSICA
Extensión 56 p. ;
Dimensiones 21 cm.
590 ## - NOTA LOCAL
Texto de la nota local Inventariado,2025/VM
650 #4 - ENCABEZAMIENTO DE MATERIA--TEMÁTICO
Término temático o nombre geográfico como elemento de entrada Carrera administrativa
650 #4 - ENCABEZAMIENTO DE MATERIA--TEMÁTICO
Término temático o nombre geográfico como elemento de entrada Función pública
Subdivisión temática general Legislación
Subdivisión geográfica República Dominicana
651 ## - ENCABEZAMIENTO DE MATERIA--NOMBRE GEOGRÁFICO
Fuente del encabezamiento o término
910 ## - VALIDACIÓN
Validación VMateo V. Control de calidad. BPMSU
942 ## - ADDED ENTRY ELEMENTS (KOHA)
Source of classification or shelving scheme Dewey Decimal Classification
Koha item type Libros
Existencias
Withdrawn status Lost status Source of classification or shelving scheme Damaged status Not for loan Collection code Home library Current library Date acquired Total Checkouts Full call number Barcode Date last seen Price effective from Koha item type
    Dewey Decimal Classification     Colección Dominicana Biblioteca Pública Metropolitana Salomé Ureña Biblioteca Pública Metropolitana Salomé Ureña 06/13/2025   BPMSU CD 342.729306 R426l 2011 BPMSU25060060 06/13/2025 06/13/2025 Libros